| 000 | 00551nam a2200205Ia 4500 | ||
|---|---|---|---|
| 003 | OSt | ||
| 005 | 20221017121104.0 | ||
| 008 | 210210b2004 xxu||||| |||| 00| 0 eng d | ||
| 040 | _cAL | ||
| 041 | _aEnglish | ||
| 082 | _a658.3 ICFF | ||
| 100 |
_aICFAI _959733 |
||
| 245 | _aFundamentals of human resource management: workbook | ||
| 260 |
_aHyderabad _bICFAI Center for Management Research _c2004 |
||
| 300 | _a84 | ||
| 650 |
_aHuman Resource Development _959734 |
||
| 690 |
_aPersonnel Management _959735 |
||
| 906 | _a061682 | ||
| 942 |
_2ddc _cBK |
||
| 999 |
_c108192 _d108192 |
||